[Event "Mitropa Cup 29th"]
[Site "Chur"]
[Date "2010.06.02"]
[Round "5"]
[White "Bindrich, Falko"]
[Black "Meszaros, Michal"]
[Result "1-0"]
[WhiteElo "2539"]
[BlackElo "2393"]
[PlyCount "81"]
[EventDate "2010.05.29"]
[EventType "team-tourn"]
[EventRounds "9"]
[EventCountry "SUI"]
[Source "ChessBase"]
[SourceDate "2010.07.02"]
[WhiteTeam "Germany"]
[BlackTeam "Slovakia"]
[WhiteTeamCountry "GER"]
[BlackTeamCountry "SVK"]

1. e4 e5 2. Nf3 Nc6 3. Bb5 Nf6 4. d3 Bc5 5. Bxc6 dxc6 6. h3 O-O 7. O-O Re8 8.
Nbd2 Nd7 9. Nc4 f6 10. c3 Bf8 11. Na5 Nc5 12. Ne1 Nxe4 13. Nxb7 Qd5 14. c4 Qd7
15. Na5 Bb4 16. Nb3 Nc5 17. Be3 Nxb3 18. axb3 c5 19. Qf3 c6 20. Nc2 a5 21. Rfd1
Bb7 22. Nxb4 cxb4 23. Bc5 Qc7 24. Qe3 Bc8 25. Bb6 Qd6 26. d4 Bf5 27. d5 cxd5
28. Rxd5 Qc6 29. Rdxa5 Rab8 30. c5 Bc8 31. Rd1 Bb7 32. Qg3 Re6 33. f3 Rbe8 34.
Ra7 f5 35. Qf2 e4 36. fxe4 Rxe4 37. Rd2 Re1+ 38. Kh2 Qc8 39. Qf4 R8e2 40. Rxe2
Rxe2 41. Qc4+ 1-0

[Event "Mitropa Cup 29th"]
[Site "Chur"]
[Date "2010.06.02"]
[Round "5"]
[White "Pacher, Milan"]
[Black "Prusikin, Michael"]
[Result "1/2-1/2"]
[WhiteElo "2396"]
[BlackElo "2520"]
[PlyCount "236"]
[EventDate "2010.05.29"]
[EventType "team-tourn"]
[EventRounds "9"]
[EventCountry "SUI"]
[Source "ChessBase"]
[SourceDate "2010.07.02"]
[WhiteTeam "Slovakia"]
[BlackTeam "Germany"]
[WhiteTeamCountry "SVK"]
[BlackTeamCountry "GER"]

1. e4 e6 2. d4 d5 3. Nc3 Nf6 4. e5 Nfd7 5. f4 c5 6. Nf3 Nc6 7. Be3 Be7 8. Be2
O-O 9. O-O f6 10. exf6 Nxf6 11. Ne5 cxd4 12. Bxd4 Nxd4 13. Qxd4 Nd7 14. Kh1 Bc5
15. Qd3 Qe7 16. Bg4 Nxe5 17. fxe5 Qg5 18. Qb5 Qxg4 19. Qxc5 Bd7 20. h3 Qg6 21.
Qd4 Bc6 22. b4 b6 23. Ne2 Qxc2 24. Nf4 Qc4 25. Qxc4 dxc4 26. Nxe6 Rxf1+ 27.
Rxf1 c3 28. a3 c2 29. Nd4 Ba4 30. e6 Rc8 31. Rc1 Kf8 32. Kg1 Ke7 33. Kf2 Rc3
34. Ke2 Rxa3 35. Rf1 Ra2 36. Rf7+ Ke8 37. Kd2 Ra1 38. Nxc2 Ra2 39. Rxa7 Rxc2+
40. Kd3 Ra2 41. Rxg7 Bc2+ 42. Kc4 Bg6 43. Kb5 Rxg2 44. Kxb6 Rh2 45. b5 Rxh3 46.
Kc7 Rc3+ 47. Kd6 Rd3+ 48. Kc7 Be4 49. b6 Rb3 50. Rg4 Rb4 51. Rg7 h5 52. Kd6
Rxb6+ 53. Ke5 Bd3 54. Kf6 Kf8 55. Rd7 Bb5 56. Rh7 Kg8 57. Rxh5 Bc4 58. Re5 Kf8
59. Re4 Ba2 60. Re2 Ra6 61. Re3 Ke8 62. Re4 Ra3 63. Re2 Rf3+ 64. Ke5 Bb3 65.
Kd4 Ke7 66. Re3 Rf4+ 67. Re4 Rf1 68. Ke5 Bxe6 69. Rf4 Ra1 70. Rd4 Ra5+ 71. Ke4
Kf6 72. Kf4 Rh5 73. Re4 Bd5 74. Rd4 Rh4+ 75. Ke3 Rh3+ 76. Kf4 Ke6 77. Kg4 Rh1
78. Kf4 Rf1+ 79. Ke3 Ke5 80. Rd3 Rh1 81. Rc3 Rh4 82. Rd3 Bc4 83. Rc3 Re4+ 84.
Kd2 Kd4 85. Rc2 Rh4 86. Rb2 Rh3 87. Rc2 Bb3 88. Rb2 Rg3 89. Kc1 Rg1+ 90. Kd2
Bc4 91. Rc2 Rh1 92. Rb2 Rh3 93. Rc2 Bb3 94. Rb2 Rd3+ 95. Ke2 Ke4 96. Rd2 Rh3
97. Kf2 Bc4 98. Kg2 Rh8 99. Kf2 Bd3 100. Ke1 Rh1+ 101. Kf2 Rf1+ 102. Kg2 Rf8
103. Rf2 Rg8+ 104. Kh2 Ke3 105. Rg2 Rh8+ 106. Kg3 Be2 107. Rg1 Rh7 108. Rg2 Bf3
109. Rg1 Rg7+ 110. Kh2 Ra7 111. Kg3 Ra2 112. Re1+ Be2 113. Rb1 Ra8 114. Rg1 Rh8
115. Rg2 Rh1 116. Rh2 Ra1 117. Rg2 Bf3 118. Rb2 Rg1+ 1/2-1/2

[Event "Mitropa Cup 29th"]
[Site "Chur"]
[Date "2010.06.02"]
[Round "5"]
[White "Borisek, Jure"]
[Black "Godena, Michele"]
[Result "1/2-1/2"]
[WhiteElo "2561"]
[BlackElo "2554"]
[PlyCount "71"]
[EventDate "2010.05.29"]
[EventType "team-tourn"]
[EventRounds "9"]
[EventCountry "SUI"]
[Source "ChessBase"]
[SourceDate "2010.07.02"]
[WhiteTeam "Slovenia"]
[BlackTeam "Italy"]
[WhiteTeamCountry "SLO"]
[BlackTeamCountry "ITA"]

1. e4 e5 2. Nf3 Nc6 3. Bb5 Nf6 4. O-O Nxe4 5. d4 Nd6 6. Bxc6 dxc6 7. dxe5 Nf5
8. Qxd8+ Kxd8 9. Nc3 Ke8 10. Ne2 Ne7 11. Re1 Ng6 12. Ned4 a6 13. e6 h6 14. h4
c5 15. exf7+ Kxf7 16. Nb3 Bd6 17. h5 Ne7 18. Na5 Bg4 19. Nxb7 Bxf3 20. gxf3 Nf5
21. Re4 Rab8 22. Nxd6+ cxd6 23. b3 Rhe8 24. Bb2 d5 25. Rf4 g6 26. Kh1 Re2 27.
Rg1 Rg8 28. hxg6+ Ke6 29. Ra4 d4 30. Rxa6+ Ke5 31. Bc1 Nh4 32. Bxh6 Nxf3 33.
Rf1 Rxc2 34. Kg2 Rxg6+ 35. Rxg6 Nh4+ 36. Kg3 1/2-1/2

[Event "Mitropa Cup 29th"]
[Site "Chur"]
[Date "2010.06.02"]
[Round "5"]
[White "Brunello, Sabino"]
[Black "Zorko, Jure"]
[Result "1-0"]
[WhiteElo "2467"]
[BlackElo "2440"]
[PlyCount "63"]
[EventDate "2010.05.29"]
[EventType "team-tourn"]
[EventRounds "9"]
[EventCountry "SUI"]
[Source "ChessBase"]
[SourceDate "2010.07.02"]
[WhiteTeam "Italy"]
[BlackTeam "Slovenia"]
[WhiteTeamCountry "ITA"]
[BlackTeamCountry "SLO"]

1. d4 Nf6 2. c4 e6 3. g3 d5 4. Nf3 Bb4+ 5. Bd2 Be7 6. Bg2 O-O 7. O-O c6 8. Qc2
Nbd7 9. Rd1 b6 10. Ne5 Nxe5 11. dxe5 Ng4 12. cxd5 cxd5 13. e4 Bb7 14. exd5 Bxd5
15. Nc3 Bxg2 16. Kxg2 Qc8 17. Qe4 f5 18. Qe2 Qc5 19. f3 Qc6 20. Rac1 Rac8 21.
Nb5 Qb7 22. Nd6 Bxd6 23. exd6 Kf7 24. d7 Rxc1 25. Bxc1 Rd8 26. Rd6 e5 27. Qc4+
Kf8 28. Qe6 Nf6 29. Bh6 Nxd7 30. Qxf5+ Kg8 31. Qe6+ Kf8 32. Bxg7+ 1-0

[Event "Mitropa Cup 29th"]
[Site "Chur"]
[Date "2010.06.02"]
[Round "5"]
[White "Tomazini, Aljosa"]
[Black "Rombaldoni, Denis"]
[Result "0-1"]
[WhiteElo "2231"]
[BlackElo "2484"]
[PlyCount "138"]
[EventDate "2010.05.29"]
[EventType "team-tourn"]
[EventRounds "9"]
[EventCountry "SUI"]
[Source "ChessBase"]
[SourceDate "2010.07.02"]
[WhiteTeam "Slovenia"]
[BlackTeam "Italy"]
[WhiteTeamCountry "SLO"]
[BlackTeamCountry "ITA"]

1. e4 c5 2. Nc3 e6 3. f4 d5 4. Bb5+ Bd7 5. Qe2 dxe4 6. Bxd7+ Qxd7 7. Nxe4 Nc6
8. Nf3 Nh6 9. b3 Nf5 10. Bb2 Be7 11. O-O O-O 12. Ne5 Qd5 13. Nxc6 Qxc6 14. Ng3
Nxg3 15. hxg3 Rfe8 16. Rf3 Rad8 17. a4 c4 18. Kh1 cxb3 19. cxb3 Qc2 20. Bc3 Rd5
21. g4 Red8 22. Re1 Qg6 23. g5 Rd3 24. Rxd3 Rxd3 25. Qe4 Qh5+ 26. Kg1 Bc5+ 27.
Kf1 Rd5 28. b4 Bd6 29. g3 h6 30. g6 Qxg6 31. Qxg6 fxg6 32. Rxe6 Kf7 33. Re4 g5
34. Ke2 a6 35. Ke3 gxf4+ 36. gxf4 g5 37. fxg5 hxg5 38. Rd4 Ke6 39. Re4+ Kf5 40.
Re8 Bf4+ 41. Ke2 Rd7 42. d3 Rh7 43. Rf8+ Kg4 44. d4 Rh3 45. Rc8 Kf5 46. Be1
Re3+ 47. Kf1 Ke4 48. Re8+ Kf3 49. Rxe3+ Bxe3 50. d5 Bf4 51. b5 axb5 52. axb5
Ke4 53. Kg2 Kxd5 54. Bf2 Kc4 55. b6 g4 56. Bh4 Kb5 57. Bd8 Be3 58. Kg3 Bxb6 59.
Bh4 Kc4 60. Kxg4 Bc5 61. Kf4 b5 62. Ke4 b4 63. Bf6 Kb3 64. Kd3 Ka2 65. Bc3 b3
66. Be5 Ba3 67. Bd4 Bb2 68. Be3 Bf6 69. Bc1 Bg5 0-1

[Event "Mitropa Cup 29th"]
[Site "Chur"]
[Date "2010.06.03"]
[Round "6"]
[White "Lenic, Luka"]
[Black "Ragger, Markus"]
[Result "1/2-1/2"]
[WhiteElo "2592"]
[BlackElo "2614"]
[PlyCount "41"]
[EventDate "2010.05.29"]
[EventType "team-tourn"]
[EventRounds "9"]
[EventCountry "SUI"]
[Source "ChessBase"]
[SourceDate "2010.07.02"]
[WhiteTeam "Slovenia"]
[BlackTeam "Austria"]
[WhiteTeamCountry "SLO"]
[BlackTeamCountry "AUT"]

1. d4 d5 2. c4 c6 3. Nf3 Nf6 4. Qc2 dxc4 5. Qxc4 Bf5 6. g3 e6 7. Bg2 Nbd7 8.
O-O Be7 9. Nc3 O-O 10. Re1 Ne4 11. Qb3 Qb6 12. Nh4 Qxb3 13. axb3 Bb4 14. Nxf5
exf5 15. Bxe4 fxe4 16. Bd2 Rfe8 17. Nxe4 Rxe4 18. Bxb4 Rxd4 19. Bc3 Rd6 20. Bb4
Rd4 21. Bc3 1/2-1/2

[Event "Mitropa Cup 29th"]
[Site "Chur"]
[Date "2010.06.03"]
[Round "6"]
[White "Neubauer, Martin"]
[Black "Borisek, Jure"]
[Result "1-0"]
[WhiteElo "2458"]
[BlackElo "2561"]
[PlyCount "67"]
[EventDate "2010.05.29"]
[EventType "team-tourn"]
[EventRounds "9"]
[EventCountry "SUI"]
[Source "ChessBase"]
[SourceDate "2010.07.02"]
[WhiteTeam "Austria"]
[BlackTeam "Slovenia"]
[WhiteTeamCountry "AUT"]
[BlackTeamCountry "SLO"]

1. d4 Nf6 2. c4 g6 3. Nc3 d5 4. Nf3 Bg7 5. cxd5 Nxd5 6. e4 Nxc3 7. bxc3 c5 8.
Rb1 O-O 9. Be2 b6 10. O-O Bb7 11. d5 Bxc3 12. Bc4 Bg7 13. Qe2 Qc8 14. Bg5 Re8
15. e5 Ba6 16. Rfe1 e6 17. d6 Bb7 18. h4 Nd7 19. Bb5 Bc6 20. h5 a6 21. Bxc6
Qxc6 22. Qc4 Qd5 23. Qf4 Qd3 24. g4 gxh5 25. Rb3 Qc2 26. gxh5 Ra7 27. h6 Bh8
28. Be7 Nf8 29. Bxf8 Kxf8 30. Nh4 f6 31. Rg3 Kf7 32. Qg4 Qd2 33. Qh5+ Kf8 34.
Rg8+ 1-0

[Event "Mitropa Cup 29th"]
[Site "Chur"]
[Date "2010.06.03"]
[Round "6"]
[White "Platzgummer, Fabian"]
[Black "Tomazini, Aljosa"]
[Result "1/2-1/2"]
[WhiteElo "2340"]
[BlackElo "2231"]
[PlyCount "55"]
[EventDate "2010.05.29"]
[EventType "team-tourn"]
[EventRounds "9"]
[EventCountry "SUI"]
[Source "ChessBase"]
[SourceDate "2010.07.02"]
[WhiteTeam "Austria"]
[BlackTeam "Slovenia"]
[WhiteTeamCountry "AUT"]
[BlackTeamCountry "SLO"]

1. Nf3 Nf6 2. c4 g6 3. Nc3 Bg7 4. g3 c5 5. Bg2 O-O 6. O-O d6 7. d4 cxd4 8. Nxd4
Qa5 9. Nc2 Nc6 10. Bd2 Qh5 11. Rc1 Ne5 12. b3 Bh3 13. f3 Bxg2 14. Kxg2 Qf5 15.
e4 Qd7 16. Qe2 Ne8 17. Rcd1 Nc7 18. Be1 Qc8 19. Nd5 Re8 20. a4 b6 21. Nd4 Qb7
22. Bf2 Nc6 23. Nb5 Ne6 24. f4 Red8 25. Qf3 a6 26. Na3 Ned4 27. Bxd4 Nxd4 28.
Qe3 1/2-1/2

[Event "Mitropa Cup 29th"]
[Site "Chur"]
[Date "2010.06.03"]
[Round "6"]
[White "Zorko, Jure"]
[Black "Kreisl, Robert"]
[Result "1-0"]
[WhiteElo "2440"]
[BlackElo "2374"]
[PlyCount "63"]
[EventDate "2010.05.29"]
[EventType "team-tourn"]
[EventRounds "9"]
[EventCountry "SUI"]
[Source "ChessBase"]
[SourceDate "2010.07.02"]
[WhiteTeam "Slovenia"]
[BlackTeam "Austria"]
[WhiteTeamCountry "SLO"]
[BlackTeamCountry "AUT"]

1. e4 c6 2. d4 d5 3. Nc3 dxe4 4. Nxe4 Bf5 5. Ng3 Bg6 6. Bc4 e6 7. N1e2 Nf6 8.
Nf4 Bd6 9. c3 Bxf4 10. Bxf4 Nd5 11. Bd2 Nd7 12. h4 h6 13. h5 Bh7 14. Qg4 Rg8
15. a4 a5 16. Qe2 Qb6 17. b3 Qc7 18. Bd3 Bxd3 19. Qxd3 c5 20. O-O N5b6 21. Ne4
Rd8 22. Qb5 Qc6 23. dxc5 Qxe4 24. cxb6 Qc6 25. Be3 Qxb5 26. axb5 Nf6 27. Rxa5
Nd5 28. Rd1 Ke7 29. Bc5+ Kf6 30. Rd3 g5 31. Ra7 Rb8 32. g3 1-0

[Event "Mitropa Cup 29th"]
[Site "Chur"]
[Date "2010.06.03"]
[Round "6"]
[White "Bosiocic, Marin"]
[Black "Gallagher, Joseph G"]
[Result "1/2-1/2"]
[WhiteElo "2562"]
[BlackElo "2493"]
[PlyCount "46"]
[EventDate "2010.05.29"]
[EventType "team-tourn"]
[EventRounds "9"]
[EventCountry "SUI"]
[Source "ChessBase"]
[SourceDate "2010.07.02"]
[WhiteTeam "Croatia"]
[BlackTeam "Switzerland"]
[WhiteTeamCountry "CRO"]
[BlackTeamCountry "SUI"]

1. e4 c5 2. Nf3 d6 3. d4 cxd4 4. Nxd4 Nf6 5. Nc3 a6 6. Bg5 Nbd7 7. Bc4 e6 8.
O-O Qa5 9. Be3 Be7 10. a4 O-O 11. Qe2 Re8 12. Nb3 Qc7 13. a5 Ne5 14. Bd3 Bd7
15. Bb6 Qb8 16. f4 Nxd3 17. cxd3 Bc6 18. Qf2 Bd8 19. h3 Bxb6 20. Qxb6 e5 21.
Nd2 d5 22. fxe5 Qxe5 23. Qf2 dxe4 1/2-1/2

[Event "Mitropa Cup 29th"]
[Site "Chur"]
[Date "2010.06.03"]
[Round "6"]
[White "Hug, Werner"]
[Black "Jovanovic, Zoran2"]
[Result "1/2-1/2"]
[WhiteElo "2463"]
[BlackElo "2520"]
[PlyCount "27"]
[EventDate "2010.05.29"]
[EventType "team-tourn"]
[EventRounds "9"]
[EventCountry "SUI"]
[Source "ChessBase"]
[SourceDate "2010.07.02"]
[WhiteTeam "Switzerland"]
[BlackTeam "Croatia"]
[WhiteTeamCountry "SUI"]
[BlackTeamCountry "CRO"]

1. d4 Nf6 2. Nf3 g6 3. Bg5 Bg7 4. c3 O-O 5. Nbd2 d6 6. e4 c5 7. d5 h6 8. Bh4 e6
9. dxe6 Bxe6 10. Bc4 Re8 11. Bxf6 Bxf6 12. O-O Nc6 13. Re1 a6 14. a4 1/2-1/2

[Event "Mitropa Cup 29th"]
[Site "Chur"]
[Date "2010.06.03"]
[Round "6"]
[White "Martinovic, Sasa"]
[Black "Buss, Ralph"]
[Result "1/2-1/2"]
[WhiteElo "2515"]
[BlackElo "2430"]
[PlyCount "107"]
[EventDate "2010.05.29"]
[EventType "team-tourn"]
[EventRounds "9"]
[EventCountry "SUI"]
[Source "ChessBase"]
[SourceDate "2010.07.02"]
[WhiteTeam "Croatia"]
[BlackTeam "Switzerland"]
[WhiteTeamCountry "CRO"]
[BlackTeamCountry "SUI"]

1. d4 Nf6 2. c4 e6 3. Nc3 Bb4 4. e3 O-O 5. Nge2 d5 6. a3 Be7 7. cxd5 exd5 8.
Nf4 a5 9. Bd3 c6 10. O-O Na6 11. Rb1 Bd6 12. Bc2 Re8 13. f3 b5 14. g4 b4 15.
Nce2 Nc7 16. g5 Nd7 17. h4 Ba6 18. Rf2 Nf8 19. Ng3 bxa3 20. bxa3 Nb5 21. Ra1
Bxf4 22. exf4 Nd6 23. f5 Nc4 24. Bf4 Ne3 25. Qd2 Nxc2 26. Qxc2 Bc4 27. Rb1 Ra7
28. a4 Qc8 29. Rb8 Qd7 30. Nh5 Re1+ 31. Kh2 Rb7 32. Rxb7 Qxb7 33. Be5 Ra1 34.
Qb2 Qxb2 35. Rxb2 Ra2 36. Rxa2 Bxa2 37. Bxg7 Bb1 38. Be5 Nd7 39. Bc7 Bxf5 40.
Bxa5 Bc2 41. Bb4 Bxa4 42. f4 f6 43. Ng3 Kf7 44. f5 Bc2 45. Kh3 Nb6 46. Kg4 Nc4
47. Kf4 Nb2 48. Ba3 Nd1 49. Nh5 fxg5+ 50. hxg5 Nf2 51. Ng3 Bd1 52. Ke5 Ne4 53.
Nxe4 dxe4 54. Kxe4 1/2-1/2

[Event "Mitropa Cup 29th"]
[Site "Chur"]
[Date "2010.06.03"]
[Round "6"]
[White "Krejci, Jan1"]
[Black "Szabo, Krisztian"]
[Result "1/2-1/2"]
[WhiteElo "2455"]
[BlackElo "2506"]
[PlyCount "132"]
[EventDate "2010.05.29"]
[EventType "team-tourn"]
[EventRounds "9"]
[EventCountry "SUI"]
[Source "ChessBase"]
[SourceDate "2010.07.02"]
[WhiteTeam "Czech Republic"]
[BlackTeam "Hungary"]
[WhiteTeamCountry "CZE"]
[BlackTeamCountry "HUN"]

1. e4 c5 2. Nf3 d6 3. d4 cxd4 4. Nxd4 Nf6 5. Nc3 a6 6. Be3 e5 7. Nf3 Qc7 8. a4
Be7 9. a5 O-O 10. Be2 Nc6 11. Bb6 Qd7 12. Nd2 d5 13. exd5 Nxd5 14. Nxd5 Qxd5
15. O-O Be6 16. c3 Bd8 17. Bf3 Qb5 18. c4 Qb4 19. Bxc6 Bxb6 20. axb6 bxc6 21.
Qe2 Rfd8 22. Rfd1 f6 23. c5 Qxc5 24. b7 Rab8 25. Ne4 Qb6 26. Rd6 Rxd6 27. Nxd6
Qb4 28. Qd3 Bd5 29. Qa3 Qxa3 30. Rxa3 c5 31. f3 Kf8 32. Rxa6 Ke7 33. Nf5+ Kf7
34. Nd6+ Ke7 35. Nf5+ Kf7 36. Rb6 Ke8 37. Nxg7+ Kd7 38. Nf5 Bc6 39. Ne7 Kxe7
40. Rxc6 Rxb7 41. Rxc5 Kd6 42. Rc2 f5 43. Kf2 Rb3 44. Rd2+ Ke6 45. Kg3 Rb4 46.
h4 h5 47. Rd8 Rxb2 48. Rh8 Rb1 49. Rxh5 Rh1 50. Rh6+ Kf7 51. h5 Kg7 52. Re6
Rxh5 53. Rxe5 Kf6 54. Re8 Rg5+ 55. Kf4 Rxg2 56. Rf8+ Ke6 57. Rxf5 Rg1 58. Ra5
Rb1 59. Ra6+ Kf7 60. Kg4 Rb5 61. f4 Rc5 62. Ra7+ Kf6 63. Ra8 Rb5 64. Rf8+ Kg7
65. Rf5 Rxf5 66. Kxf5 Kf7 1/2-1/2

[Event "Mitropa Cup 29th"]
[Site "Chur"]
[Date "2010.06.03"]
[Round "6"]
[White "Pap, Gyula"]
[Black "Talla, Vladimir"]
[Result "1-0"]
[WhiteElo "2496"]
[BlackElo "2505"]
[PlyCount "84"]
[EventDate "2010.05.29"]
[EventType "team-tourn"]
[EventRounds "9"]
[EventCountry "SUI"]
[Source "ChessBase"]
[SourceDate "2010.07.02"]
[WhiteTeam "Hungary"]
[BlackTeam "Czech Republic"]
[WhiteTeamCountry "HUN"]
[BlackTeamCountry "CZE"]

1. d4 Nf6 2. c4 g6 3. g3 Bg7 4. Bg2 O-O 5. Nc3 d6 6. Nf3 Nc6 7. O-O a6 8. Qd3
e5 9. dxe5 dxe5 10. Qxd8 Rxd8 11. Bg5 Re8 12. Nd2 h6 13. Bxf6 Bxf6 14. e3 Bd8
15. Nb3 Rb8 16. Rfd1 f5 17. Bxc6 bxc6 18. Na5 Bf6 19. Nxc6 Rb6 20. Na7 Rxb2 21.
Nd5 Kf7 22. Rab1 Rxb1 23. Rxb1 Be6 24. Nxc7 Re7 25. Nxe6 Rxa7 26. Rb6 Be7 27.
Rc6 Ra8 28. Nc5 Bxc5 29. Rxc5 e4 30. Rc7+ Kf6 31. Rc6+ Kf7 32. c5 a5 33. a4 h5
34. h4 Rd8 35. Ra6 Rd1+ 36. Kg2 Rc1 37. Rxa5 Rc4 38. Ra7+ Kg8 39. Ra6 Rxc5 40.
Rxg6+ Kh7 41. Rg5 Kh6 42. Kf1 Rc4 1-0

[Event "Mitropa Cup 29th"]
[Site "Chur"]
[Date "2010.06.03"]
[Round "6"]
[White "Papp, Gabor"]
[Black "Zilka, Stepan"]
[Result "1/2-1/2"]
[WhiteElo "2534"]
[BlackElo "2509"]
[PlyCount "130"]
[EventDate "2010.05.29"]
[EventType "team-tourn"]
[EventRounds "9"]
[EventCountry "SUI"]
[Source "ChessBase"]
[SourceDate "2010.07.02"]
[WhiteTeam "Hungary"]
[BlackTeam "Czech Republic"]
[WhiteTeamCountry "HUN"]
[BlackTeamCountry "CZE"]

1. e4 e5 2. Nf3 Nc6 3. Bb5 Nf6 4. O-O Nxe4 5. d4 Nd6 6. Bxc6 dxc6 7. dxe5 Nf5
8. Qxd8+ Kxd8 9. Nc3 Ke8 10. h3 Be7 11. g4 Nh4 12. Nxh4 Bxh4 13. Kg2 b6 14. Bf4
Bb7 15. Bg3 Be7 16. f3 Rd8 17. Rad1 h5 18. a3 hxg4 19. hxg4 g5 20. Ne4 Rh6 21.
Rxd8+ Kxd8 22. Rd1+ Kc8 23. Be1 Rh8 24. Bc3 c5 25. e6 Re8 26. exf7 Rf8 27. Ng3
Rxf7 28. Nf5 Bd8 29. Kg3 a5 30. Rh1 Rf8 31. Rh6 Bd5 32. Rg6 Rg8 33. Rh6 Rf8 34.
Kf2 Kd7 35. Bg7 Rf7 36. Rg6 Be6 37. Ne3 a4 38. Ke2 b5 39. c3 c6 40. Kf2 Be7 41.
Ke2 Ba2 42. Bh6 Bb1 43. Rg7 Rxg7 44. Bxg7 Ke6 45. Nf1 Bd6 46. Nd2 Bh7 47. Ne4
Bxe4 48. fxe4 Bf4 49. Kd1 Be5 50. Bf8 Bf4 51. Bg7 c4 52. Bd4 c5 53. Bg7 Kf7 54.
Bh8 Bh2 55. Ke2 Bg3 56. Kd2 Bf4+ 57. Kd1 Ke7 58. Bg7 Ke6 59. Kc2 Kf7 60. Bh8
Ke6 61. Bg7 Bd6 62. Kd1 Be5 63. Bf8 Bd6 64. Bxd6 Kxd6 65. Ke2 Ke6 1/2-1/2

[Event "Mitropa Cup 29th"]
[Site "Chur"]
[Date "2010.06.03"]
[Round "6"]
[White "Simacek, Pavel"]
[Black "Rapport, Richard"]
[Result "0-1"]
[WhiteElo "2518"]
[BlackElo "2509"]
[PlyCount "124"]
[EventDate "2010.05.29"]
[EventType "team-tourn"]
[EventRounds "9"]
[EventCountry "SUI"]
[Source "ChessBase"]
[SourceDate "2010.07.02"]
[WhiteTeam "Czech Republic"]
[BlackTeam "Hungary"]
[WhiteTeamCountry "CZE"]
[BlackTeamCountry "HUN"]

1. e4 c5 2. Nf3 d6 3. d4 cxd4 4. Nxd4 Nf6 5. Nc3 Nc6 6. Bg5 e6 7. Qd2 a6 8.
O-O-O Bd7 9. f4 b5 10. Bxf6 gxf6 11. Nxc6 Bxc6 12. Qe3 Qe7 13. Bd3 Qa7 14. Qh3
b4 15. Ne2 Qc5 16. Kb1 a5 17. f5 e5 18. c3 Rb8 19. Rc1 b3 20. a3 h5 21. Rcd1
Ke7 22. Rhf1 Bh6 23. Rf3 d5 24. exd5 Bxd5 25. Rff1 Rbg8 26. Ng3 Qc6 27. Rfe1
Bxg2 28. Qh4 Bg5 29. Qd4 Kf8 30. Qa7 Kg7 31. Be4 Bxe4+ 32. Nxe4 Rd8 33. Nxg5
fxg5 34. Qxa5 Qe4+ 35. Ka1 Rd2 36. Rc1 Ra8 37. Qc5 Rc2 38. Qe7 Qxf5 39. Rcd1
Rxb2 40. Qxe5+ Qxe5 41. Rxe5 Rg2 42. Rb5 Rxa3+ 43. Kb1 Ra4 44. Rf1 f6 45. h3
Rh2 46. Rxb3 Rxh3 47. Rb7+ Kg6 48. Rb6 Rf4 49. Rxf4 gxf4 50. Kc2 h4 51. Kd2 Re3
52. Rb8 Kf5 53. Rh8 Kg4 54. c4 Re7 55. Rg8+ Kf3 56. Rh8 Kg3 57. Rg8+ Kf2 58.
Rg4 f3 59. Rxh4 Kg3 60. Rh5 Re5 61. Rh6 Re6 62. Rg6+ Kf4 0-1

[Event "Mitropa Cup 29th"]
[Site "Chur"]
[Date "2010.06.03"]
[Round "6"]
[White "Prusikin, Michael"]
[Black "Roser, Kevin"]
[Result "1/2-1/2"]
[WhiteElo "2520"]
[BlackElo "2429"]
[PlyCount "154"]
[EventDate "2010.05.29"]
[EventType "team-tourn"]
[EventRounds "9"]
[EventCountry "SUI"]
[Source "ChessBase"]
[SourceDate "2010.07.02"]
[WhiteTeam "Germany"]
[BlackTeam "France"]
[WhiteTeamCountry "GER"]
[BlackTeamCountry "FRA"]

1. d4 Nf6 2. c4 e6 3. Nf3 b6 4. g3 Ba6 5. Qc2 Bb7 6. Bg2 c5 7. d5 exd5 8. cxd5
Nxd5 9. O-O Be7 10. Rd1 Qc8 11. a3 Nc7 12. Nc3 d5 13. Bf4 O-O 14. Bxc7 Qxc7 15.
Nxd5 Bxd5 16. Rxd5 Nc6 17. Rad1 Rad8 18. e3 Rxd5 19. Rxd5 Rd8 20. Nd2 b5 21.
Rxd8+ Nxd8 22. a4 a6 23. b3 Qd7 24. axb5 axb5 25. Ne4 Ne6 26. Bf1 h6 27. h4 Qc6
28. Nc3 Nc7 29. Qd3 Bf6 30. Ne4 Be7 31. Qc2 Ne6 32. Bd3 Nc7 33. Kf1 Nd5 34. Nc3
Nxc3 35. Qxc3 Bf6 36. Qc2 g5 37. hxg5 hxg5 38. Kg1 Kg7 39. Qa2 Be5 40. Qa5 b4
41. Bc4 Qd6 42. Qa8 Bf6 43. Qe8 Qe7 44. Qc6 Bb2 45. Qd5 Bf6 46. Kg2 Bc3 47. Qf5
Bf6 48. Qd5 Bc3 49. Kf1 Bf6 50. Ke2 Be5 51. Kf3 Bc3 52. Kg4 Bf6 53. f3 Be5 54.
e4 Bf6 55. f4 gxf4 56. gxf4 Bd4 57. e5 Bc3 58. Kf5 Bd4 59. Qg2+ Kf8 60. Qa8+
Kg7 61. Qd5 Bc3 62. Ke4 Bd4 63. Kf3 Bc3 64. Kg4 Bd4 65. Qc6 Bf2 66. Qg2 Bd4 67.
Kh5+ Kf8 68. Qg4 Bf2 69. Qh3 Be1 70. Qh1 Bc3 71. Kg4 Qd7+ 72. Kg5 Qe7+ 73. Kf5
Qd7+ 74. Kg5 Qe7+ 75. Kg4 Qd7+ 76. Kg3 Kg7 77. Qe4 Qd4 1/2-1/2

[Event "Mitropa Cup 29th"]
[Site "Chur"]
[Date "2010.06.03"]
[Round "6"]
[White "Tripoteau, Nicolas"]
[Black "Baramidze, David"]
[Result "0-1"]
[WhiteElo "2425"]
[BlackElo "2534"]
[PlyCount "54"]
[EventDate "2010.05.29"]
[EventType "team-tourn"]
[EventRounds "9"]
[EventCountry "SUI"]
[Source "ChessBase"]
[SourceDate "2010.07.02"]
[WhiteTeam "France"]
[BlackTeam "Germany"]
[WhiteTeamCountry "FRA"]
[BlackTeamCountry "GER"]

1. d4 d5 2. Nf3 Nf6 3. e3 c6 4. c4 Bf5 5. cxd5 cxd5 6. Nc3 e6 7. Ne5 Nfd7 8.
Qb3 Nxe5 9. Qxb7 Nbd7 10. dxe5 Rb8 11. Qc6 Bb4 12. Bb5 Rb6 13. Qxd7+ Qxd7 14.
Bxd7+ Kxd7 15. Bd2 Rc8 16. Ke2 Be7 17. Na4 Ra6 18. Nc3 Rb6 19. Na4 Rb7 20. Bc3
Bb4 21. Bxb4 Rxb4 22. b3 Rc2+ 23. Kf3 h5 24. Rhc1 h4 25. g4 Be4+ 26. Kf4 f6 27.
g5 Bh1+ 0-1

[Event "Mitropa Cup 29th"]
[Site "Chur"]
[Date "2010.06.03"]
[Round "6"]
[White "Brunello, Sabino"]
[Black "Pacher, Milan"]
[Result "1-0"]
[WhiteElo "2467"]
[BlackElo "2396"]
[PlyCount "55"]
[EventDate "2010.05.29"]
[EventType "team-tourn"]
[EventRounds "9"]
[EventCountry "SUI"]
[Source "ChessBase"]
[SourceDate "2010.07.02"]
[WhiteTeam "Italy"]
[BlackTeam "Slovakia"]
[WhiteTeamCountry "ITA"]
[BlackTeamCountry "SVK"]

1. d4 Nf6 2. g3 c5 3. d5 e6 4. Nc3 exd5 5. Nxd5 Nxd5 6. Qxd5 Nc6 7. c3 d6 8.
Nh3 Be7 9. Nf4 g5 10. Nh5 Rg8 11. h4 Be6 12. Qe4 h6 13. Qh7 Kd7 14. Ng7 Qf8 15.
Nxe6 fxe6 16. Bh3 Qf6 17. Be3 Ne5 18. Qe4 Nc6 19. O-O-O b6 20. hxg5 hxg5 21. f4
g4 22. Bg2 d5 23. c4 Nb4 24. cxd5 exd5 25. Rxd5+ Nxd5 26. Qxd5+ Bd6 27. Qb7+
Ke6 28. Bd5+ 1-0

[Event "Mitropa Cup 29th"]
[Site "Chur"]
[Date "2010.06.03"]
[Round "6"]
[White "Caruana, Fabiano"]
[Black "Jurcik, Marian"]
[Result "1/2-1/2"]
[WhiteElo "2675"]
[BlackElo "2487"]
[PlyCount "39"]
[EventDate "2010.05.29"]
[EventType "team-tourn"]
[EventRounds "9"]
[EventCountry "SUI"]
[Source "ChessBase"]
[SourceDate "2010.07.02"]
[WhiteTeam "Italy"]
[BlackTeam "Slovakia"]
[WhiteTeamCountry "ITA"]
[BlackTeamCountry "SVK"]

1. e4 e5 2. Nf3 Nc6 3. Bb5 Nf6 4. O-O Nxe4 5. d4 Nd6 6. Bxc6 dxc6 7. dxe5 Nf5
8. Qxd8+ Kxd8 9. Nc3 Be6 10. Ng5 Ke7 11. Rd1 h6 12. Nge4 Rd8 13. Bf4 Ke8 14.
Ne2 Be7 15. N4g3 Bc5 16. Rxd8+ Kxd8 17. Rd1+ Kc8 18. a3 Rd8 19. Rxd8+ Kxd8 20.
Kf1 1/2-1/2